000 00592nam a2200181Ia 4500
005 20250508152630.0
008 008 250505s9999 xx 000 0 eng d
037 _aTextual
040 _aFEDL
_beng
_cFEDL
041 _aeng
_2eng
084 _a370.973, MAN
_qFEDL
245 0 _aTenth annual report of the board of education, together with the tenth annual report of the secretary of the board
260 _aBoston, USA
_bDutton and Wentwoth, State Printers
_c1847
300 _a254p.
650 _aEducation
942 _cTEXL
_h370.973, MAN
999 _c1337715
_d1337715